Las universidades católicas: misión e identidad

Uloženo v:
Podrobná bibliografie
Hlavní autor: Mendoza Valdebenito, Jorge Eduardo (autor)
Médium: Kniha
Jazyk:španělština
Vydáno: Valparaíso, Chile Ediciones Universitarias de Valparaíso 2008
Valparaíso, Chile Pontificia Universidad Católica de Valparaíso 2008
Témata:
Tagy: Přidat tag
Žádné tagy, Buďte první, kdo vytvoří štítek k tomuto záznamu!

MARC

LEADER 00000cam a2200000 a 4500
001 UCI8902
003 CL-VaPUC
005 20250103100407.0
008 081009e20080000CL |||||||||||||||||spa|d
999 |c 331642  |d 331640 
020 |a 9789561704244 
040 |c Pontificia Universidad Católica de Valparaíso 
082 0 4 |a 378.071 MEN 2008  |2 21 
100 |a Mendoza Valdebenito, Jorge Eduardo  |e autor  |9 864859 
245 1 4 |a Las universidades católicas: misión e identidad 
260 0 3 |a Valparaíso, Chile  |b Ediciones Universitarias de Valparaíso  |c 2008 
260 |a Valparaíso, Chile  |b Pontificia Universidad Católica de Valparaíso  |c 2008 
300 |a 213 páginas 
583 |a last modification  |c 20180314 14:49:24  |k Rodrigo Vera 
650 0 |a Universidades católicas   |9 309230 
650 0 |a Documentos pontificios   |9 255642 
650 0 |a Derecho eclesiástico  |9 255055 
650 0 |a Iglesia Católica  |9 256114 
650 0 |a Educación superior   |9 223851 
650 0 |a Académicos   |x Pontificia Universidad Católica de Valparaíso (PUCV)  |9 255553 
650 0 |a Archivo histórico PUCV  |9 255554 
942 |c BK  |2 ddc 
945 |d 20081009 00:00:00  |a jtorresc 
952 |0 0  |1 0  |2 ddc  |4 0  |6 378_071000000000000_MEN_2008  |7 0  |8 A  |9 418446  |a BIBAGR  |b BIBAGR  |d 2019-11-22  |i 4487095  |o 378.071 MEN 2008  |p 4487095  |r 2024-01-30  |t 8  |w 2019-11-22  |y BK  |k AGR 
952 |0 0  |1 0  |2 ddc  |4 0  |6 378_071000000000000_MEN_2008  |7 0  |8 A  |9 418447  |a BIBAGR  |b BIBAGR  |d 2019-11-22  |i 4487109  |o 378.071 MEN 2008  |p 4487109  |r 2024-01-30  |t 9  |w 2019-11-22  |y BK  |k AGR 
952 |0 0  |1 0  |2 ddc  |4 0  |6 378_071000000000000_MEN_2008  |7 0  |8 P  |9 418448  |a BIBARQ  |b BIBARQ  |d 2019-11-22  |i 4487117  |o 378.071 MEN 2008  |p 4487117  |r 2025-01-20  |t 10  |w 2019-11-22  |y BK  |k ARQ 
952 |0 0  |1 0  |2 ddc  |4 0  |6 378_071000000000000_MEN_2008  |7 0  |8 A  |9 418449  |a BIBDER  |b BIBDER  |d 2019-11-22  |i 448715K  |o 378.071 MEN 2008  |p 448715K  |r 2023-01-25  |t 4  |w 2019-11-22  |y BK  |k DER 
952 |0 0  |1 0  |2 ddc  |4 0  |6 378_071000000000000_MEN_2008  |7 0  |8 A  |9 418450  |a BIBDER  |b BIBDER  |d 2019-11-22  |i 4487168  |o 378.071 MEN 2008  |p 4487168  |r 2023-01-25  |t 11  |w 2019-11-22  |y BK  |k DER 
952 |0 0  |1 0  |2 ddc  |4 0  |6 378_071000000000000_MEN_2008  |7 0  |8 A  |9 418451  |a BIBHIS  |b BIBHIS  |d 2019-11-22  |i 4487176  |o 378.071 MEN 2008  |p 4487176  |r 2025-01-20  |t 12  |w 2019-11-22  |y BK  |k HIS 
952 |0 0  |1 0  |2 ddc  |4 0  |6 378_071000000000000_MEN_2008  |7 0  |8 A  |9 418452  |a BIBHIS  |b BIBHIS  |d 2019-11-22  |i 4487184  |o 378.071 MEN 2008  |p 4487184  |r 2025-01-20  |t 13  |w 2019-11-22  |y BK  |k HIS 
952 |0 0  |1 0  |2 ddc  |4 0  |6 378_071000000000000_MEN_2008  |7 0  |8 A  |9 418454  |a BIBMAT  |b BIBMAT  |c E_DIDACT  |d 2019-11-22  |i 4487206  |o 378.071 MEN 2008  |p 4487206  |r 2025-01-07  |t 15  |w 2019-11-22  |y BK  |k MAT 
952 |0 0  |1 0  |2 ddc  |4 0  |6 378_071000000000000_MEN_2008  |7 0  |8 A  |9 418455  |a BIBMEC  |b BIBMEC  |d 2019-11-22  |i 4487214  |o 378.071 MEN 2008  |p 4487214  |r 2024-01-19  |t 16  |w 2019-11-22  |y BK  |k MEC 
952 |0 0  |1 0  |2 ddc  |4 0  |6 378_071000000000000_MEN_2008  |7 0  |8 A  |9 418456  |a BIBMEC  |b BIBMEC  |d 2019-11-22  |i 4487222  |o 378.071 MEN 2008  |p 4487222  |r 2024-01-19  |t 17  |w 2019-11-22  |y BK  |k MEC 
952 |0 0  |1 0  |2 ddc  |4 0  |6 378_071000000000000_MEN_2008  |7 0  |8 A  |9 418457  |a BIBEDU  |b BIBEDU  |d 2019-11-22  |i 4487230  |o 378.071 MEN 2008  |p 4487230  |r 2023-01-12  |t 18  |w 2019-11-22  |y BK  |k MUS 
952 |0 0  |1 0  |2 ddc  |4 0  |6 378_071000000000000_MEN_2008  |7 0  |8 A  |9 418458  |a BIBEDU  |b BIBEDU  |d 2019-11-22  |i 4487249  |o 378.071 MEN 2008  |p 4487249  |r 2023-01-12  |t 19  |w 2019-11-22  |y BK  |k MUS 
952 |0 0  |1 0  |2 ddc  |4 0  |6 378_071000000000000_MEN_2008  |7 0  |8 A  |9 418459  |a BIBCUR  |b BIBCUR  |d 2019-11-22  |i 4487257  |o 378.071 MEN 2008  |p 4487257  |r 2025-04-22  |t 20  |w 2019-11-22  |y BK  |k PER 
952 |0 0  |1 0  |2 ddc  |4 0  |6 378_071000000000000_MEN_2008  |7 0  |8 A  |9 418460  |a BIBCUR  |b BIBCUR  |d 2019-11-22  |i 4487265  |o 378.071 MEN 2008  |p 4487265  |r 2025-04-22  |t 21  |w 2019-11-22  |y BK  |k PER 
952 |0 0  |1 0  |2 ddc  |4 0  |6 378_071000000000000_MEN_2008  |7 0  |8 A  |9 418461  |a BIBCUR  |b BIBCUR  |d 2019-11-22  |i 4487273  |o 378.071 MEN 2008  |p 4487273  |r 2025-04-22  |t 22  |w 2019-11-22  |y BK  |k BCB 
952 |0 0  |1 0  |2 ddc  |4 0  |6 378_071000000000000_MEN_2008  |7 0  |8 A  |9 418462  |a BIBCUR  |b BIBCUR  |d 2019-11-22  |i 4487281  |o 378.071 MEN 2008  |p 4487281  |r 2025-04-22  |t 23  |w 2019-11-22  |y BK  |k BCB 
952 |0 0  |1 0  |2 ddc  |4 0  |6 378_071000000000000_MEN_2008  |7 0  |8 A  |9 418463  |a BIBCUR  |b BIBCUR  |d 2019-11-22  |i 448729K  |o 378.071 MEN 2008  |p 448729K  |r 2025-04-22  |t 5  |w 2019-11-22  |y BK  |k BCB 
952 |0 0  |1 0  |2 ddc  |4 0  |6 378_071000000000000_MEN_2008  |7 0  |8 A  |9 418464  |a BIBCUR  |b BIBCUR  |d 2019-11-22  |i 4487303  |o 378.071 MEN 2008  |p 4487303  |r 2025-04-22  |t 24  |w 2019-11-22  |y BK  |k BCB 
952 |0 0  |1 0  |2 ddc  |4 0  |6 378_071000000000000_MEN_2008  |7 0  |8 A  |9 418465  |a BIBCUR  |b BIBCUR  |d 2019-11-22  |i 4487311  |o 378.071 MEN 2008  |p 4487311  |r 2025-04-22  |t 25  |w 2019-11-22  |y BK  |k BCB 
952 |0 0  |1 0  |2 ddc  |4 0  |6 378_071000000000000_MEN_2008  |7 0  |8 A  |9 418466  |a BIBGIM  |b BIBGIM  |d 2019-11-22  |i 448732K  |o 378.071 MEN 2008  |p 448732K  |r 2025-01-15  |t 6  |w 2019-11-22  |y BK  |k GIM 
952 |0 0  |1 0  |2 ddc  |4 0  |6 378_071000000000000_MEN_2008  |7 0  |8 A  |9 418467  |a BIBGIM  |b BIBGIM  |d 2019-11-22  |i 4487338  |o 378.071 MEN 2008  |p 4487338  |r 2025-01-15  |t 26  |w 2019-11-22  |y BK  |k GIM 
952 |0 0  |1 0  |2 ddc  |4 0  |6 378_071000000000000_MEN_2008  |7 0  |8 A  |9 418468  |a BIBGIM  |b BIBGIM  |d 2019-11-22  |i 4487346  |o 378.071 MEN 2008  |p 4487346  |r 2025-01-15  |t 27  |w 2019-11-22  |y BK  |k GIM 
952 |0 0  |1 0  |2 ddc  |4 0  |6 378_071000000000000_MEN_2008  |7 0  |8 A  |9 418469  |a BIBGIM  |b BIBGIM  |d 2019-11-22  |i 4487354  |o 378.071 MEN 2008  |p 4487354  |r 2025-01-15  |t 28  |w 2019-11-22  |y BK  |k GIM 
952 |0 0  |1 0  |2 ddc  |4 0  |6 378_071000000000000_MEN_2008  |7 0  |8 A  |9 418470  |a BIBGIM  |b BIBGIM  |d 2019-11-22  |i 4487362  |o 378.071 MEN 2008  |p 4487362  |r 2025-01-15  |t 29  |w 2019-11-22  |y BK  |k GIM 
952 |0 0  |1 0  |2 ddc  |4 0  |6 378_071000000000000_MEN_2008  |7 0  |8 A  |9 418471  |a BIBING  |b BIBING  |d 2019-11-22  |i 4487370  |o 378.071 MEN 2008  |p 4487370  |r 2025-01-20  |t 30  |w 2019-11-22  |y BK  |k ING 
952 |0 0  |1 0  |2 ddc  |4 0  |6 378_071000000000000_MEN_2008  |7 0  |8 A  |9 418472  |a BIBING  |b BIBING  |d 2019-11-22  |i 4487389  |o 378.071 MEN 2008  |p 4487389  |r 2025-01-20  |t 31  |w 2019-11-22  |y BK  |k ING 
952 |0 0  |1 0  |2 ddc  |4 0  |6 378_071000000000000_MEN_2008  |7 0  |8 A  |9 418473  |a BIBING  |b BIBING  |d 2019-11-22  |i 4487397  |o 378.071 MEN 2008  |p 4487397  |r 2025-01-20  |t 32  |w 2019-11-22  |y BK  |k ING 
952 |0 0  |1 0  |2 ddc  |4 0  |6 378_071000000000000_MEN_2008  |7 0  |8 A  |9 418474  |a BIBING  |b BIBING  |d 2019-11-22  |i 4487400  |o 378.071 MEN 2008  |p 4487400  |r 2025-01-20  |t 33  |w 2019-11-22  |y BK  |k ING 
952 |0 0  |1 0  |2 ddc  |4 0  |6 378_071000000000000_MEN_2008  |7 0  |8 A  |9 418475  |a BIBING  |b BIBING  |d 2019-11-22  |i 4487419  |o 378.071 MEN 2008  |p 4487419  |r 2025-01-20  |t 34  |w 2019-11-22  |y BK  |k ING 
952 |0 0  |1 0  |2 ddc  |4 0  |6 378_071000000000000_MEN_2008  |7 0  |8 CCM  |9 418476  |a BIBCUR  |b BIBCUR  |d 2019-11-22  |i 4487427  |o 378.071 MEN 2008  |p 4487427  |r 2025-04-22  |t 35  |w 2019-11-22  |y BK  |k RNT 
952 |0 0  |1 0  |2 ddc  |4 0  |6 378_071000000000000_MEN_2008  |7 0  |8 A  |9 418477  |a BIBALI  |b BIBALI  |c GEN  |d 2019-11-22  |i 4487435  |o 378.071 MEN 2008  |p 4487435  |r 2025-01-20  |t 36  |w 2019-11-22  |y BK  |k ALI 
952 |0 0  |1 0  |2 ddc  |4 0  |6 378_071000000000000_MEN_2008  |7 0  |8 CCM  |9 418478  |a BIBCUR  |b BIBCUR  |d 2019-11-22  |i 4487443  |o 378.071 MEN 2008  |p 4487443  |r 2025-04-22  |t 37  |w 2019-11-22  |y BK  |k RNT 
952 |0 0  |1 0  |2 ddc  |4 0  |6 378_071000000000000_MEN_2008  |7 0  |8 A  |9 418479  |a BIBALI  |b BIBALI  |c GEN  |d 2019-11-22  |i 4487451  |o 378.071 MEN 2008  |p 4487451  |r 2025-01-20  |t 38  |w 2019-11-22  |y BK  |k ALI 
952 |0 0  |1 0  |2 ddc  |4 0  |6 378_071000000000000_MEN_2008  |7 0  |8 A  |9 418480  |a BIBALI  |b BIBALI  |c GEN  |d 2019-11-22  |i 448746K  |o 378.071 MEN 2008  |p 448746K  |r 2025-01-20  |t 7  |w 2019-11-22  |y BK  |k ALI 
952 |0 0  |1 0  |2 ddc  |4 0  |6 378_071000000000000_MEN_2008  |7 0  |8 A  |9 418481  |a BIBEDU  |b BIBEDU  |d 2019-11-22  |i 4487478  |o 378.071 MEN 2008  |p 4487478  |r 2019-11-22  |t 39  |w 2019-11-22  |y BK  |k BME 
952 |0 0  |1 0  |2 ddc  |4 0  |6 378_071000000000000_MEN_2008  |7 0  |8 A  |9 418482  |a BIBEDU  |b BIBEDU  |d 2019-11-22  |i 4487486  |o 378.071 MEN 2008  |p 4487486  |r 2019-11-22  |t 40  |w 2019-11-22  |y BK  |k BME 
952 |0 0  |1 0  |2 ddc  |4 0  |6 378_071000000000000_MEN_2008  |7 0  |8 A  |9 418483  |a BIBEDU  |b BIBEDU  |d 2019-11-22  |i 4487494  |o 378.071 MEN 2008  |p 4487494  |r 2019-11-22  |t 41  |w 2019-11-22  |y BK  |k BME 
952 |0 0  |1 0  |2 ddc  |4 0  |6 378_071000000000000_MEN_2008  |7 0  |8 A  |9 418484  |a BIBEDU  |b BIBEDU  |d 2019-11-22  |i 4487508  |o 378.071 MEN 2008  |p 4487508  |r 2019-11-22  |t 42  |w 2019-11-22  |y BK  |k BME 
952 |0 0  |1 0  |2 ddc  |4 0  |6 378_071000000000000_MEN_2008  |7 0  |8 A  |9 418485  |a BIBEDU  |b BIBEDU  |d 2019-11-22  |i 4487516  |o 378.071 MEN 2008  |p 4487516  |r 2019-11-22  |t 43  |w 2019-11-22  |y BK  |k BME 
952 |0 0  |1 0  |2 ddc  |4 0  |6 378_071000000000000_MEN_2008  |7 0  |8 X  |9 418486  |a FDOBUD  |b FDOBUD  |d 2019-11-22  |i 4487524  |o 378.071 MEN 2008  |p 4487524  |r 2019-11-22  |t 44  |w 2019-11-22  |y BK_X  |k BUD 
952 |0 0  |1 0  |2 ddc  |4 0  |6 378_071000000000000_MEN_2008  |7 0  |8 X  |9 418487  |a FDOBUD  |b FDOBUD  |d 2019-11-22  |i 4487532  |o 378.071 MEN 2008  |p 4487532  |r 2019-11-22  |t 45  |w 2019-11-22  |y BK_X  |k BUD 
952 |0 0  |1 0  |2 ddc  |4 0  |6 378_071000000000000_MEN_2008  |7 0  |8 A  |9 418488  |a BIBCUR  |b BIBCUR  |d 2019-11-22  |i 4581881  |o 378.071 MEN 2008  |p 4581881  |r 2025-04-22  |t 46  |w 2019-11-22  |y BK  |k BCB 
952 |0 0  |1 0  |2 ddc  |4 0  |6 378_071000000000000_MEN_2008  |7 0  |8 A  |9 418489  |a BIBCUR  |b BIBCUR  |d 2019-11-22  |i 458189K  |o 378.071 MEN 2008  |p 458189K  |r 2025-04-22  |t 47  |w 2019-11-22  |y BK  |k BCB 
952 |0 0  |1 0  |2 ddc  |4 0  |6 378_071000000000000_MEN_2008  |7 0  |8 A  |9 418490  |a BIBCUR  |b BIBCUR  |d 2019-11-22  |i 4581903  |o 378.071 MEN 2008  |p 4581903  |r 2025-04-22  |t 48  |w 2019-11-22  |y BK  |k BCB 
952 |0 0  |1 0  |2 ddc  |4 0  |6 378_071000000000000_MEN_2008  |7 0  |8 A  |9 418491  |a BIBCUR  |b BIBCUR  |d 2019-11-22  |i 4581911  |o 378.071 MEN 2008  |p 4581911  |r 2025-04-22  |t 49  |w 2019-11-22  |y BK  |k BCB 
952 |0 0  |1 0  |2 ddc  |4 0  |6 378_071000000000000_MEN_2008  |7 0  |8 ED_SUP  |9 418493  |a BIBGIM  |b BIBGIM  |c S_PSTGRDO  |d 2019-11-22  |i 4777018  |o 378.071 MEN 2008  |p 4777018  |r 2025-01-15  |t 50  |w 2019-11-22  |y BK_X  |k ESU 
952 |0 0  |1 0  |2 ddc  |4 0  |6 378_071000000000000_MEN_2008  |7 0  |8 ED_SUP  |9 418494  |a BIBGIM  |b BIBGIM  |c S_PSTGRDO  |d 2019-11-22  |i 4777026  |o 378.071 MEN 2008  |p 4777026  |r 2025-01-15  |t 51  |w 2019-11-22  |y BK_X  |k ESU 
952 |0 0  |1 0  |2 ddc  |4 0  |6 378_071000000000000_MEN_2008  |7 0  |8 X  |9 418497  |a FDOBUD  |b FDOBUD  |d 2019-11-22  |i 4861531  |o 378.071 MEN 2008  |p 4861531  |r 2019-11-22  |t 52  |w 2019-11-22  |y BK_X  |k FHP 
952 |0 0  |1 0  |2 ddc  |4 0  |6 378_071000000000000_MEN_2008  |7 0  |8 A  |9 596849  |a BIBGIM  |b BIBGIM  |d 2024-09-16  |i 5662771  |o 378.071 MEN 2008  |p 5662771  |r 2025-01-15  |t 53  |w 2024-09-16  |y BK  |k ELE